000
00261nam a22001097a 4500
082
_a
823
_b
POT/M
100
_a
POTTER, BEATRIX
245
_a
MY LITTLE BOOK ABOUT SQUIRREL NULKIN
260
_b
NEW SEASONS PUBLICATIONS
_c
1991
650
_a
ENGLISH STORY
942
_c
BK
999
_c
7579
_d
7579